Normal view
MARC view
Entry Topical Term
001 - CONTROL NUMBER
- control field: 68423
003 - CONTROL NUMBER IDENTIFIER
- control field: OSt
005 - DATE AND TIME OF LATEST TRANSACTION
- control field: 20170729172944.0
008 - FIXED-LENGTH DATA ELEMENTS
- fixed length control field: 170729|| aca||aabn | a|a d
040 ## - CATALOGING SOURCE
- Original cataloging agency: OSt
- Transcribing agency: OSt
150 ## - HEADING--TOPICAL TERM
- Topical term or geographic name entry element: फिलोस्ॅफी,
670 ## - SOURCE DATA FOUND
- Source citation: Work cat.: (OSt)12666: परमानन्द भाई 68422, मेरा अंतिम आश्रय श्रीमदभगवदगीता, 2003









